|
|
|
|
| LEADER |
00821cam a2200241 7i4500 |
| 001 |
0000034450 |
| 005 |
20170712090000.0 |
| 007 |
##ta |
| 008 |
170712t20162016-uk eng |
| 022 |
0 |
# |
|a 20490267
|
| 040 |
# |
# |
|a MATR
|
| 090 |
0 |
0 |
|a MORC 641.3
|b MOR
|
| 245 |
0 |
0 |
|a Morocco Food & Drink Report Q4 2016 :
|b INCLUDES 10- YEAR FORECASTS TO 2020.
|
| 264 |
# |
4 |
|a ♭2016.
|
| 264 |
# |
1 |
|a London:
|b Business Monitor International,
|c 2016.
|
| 300 |
# |
# |
|a 56 pages:
|b illustrations;
|c 30 cm.
|
| 336 |
# |
# |
|a text
|2 rdacontent
|
| 337 |
# |
# |
|a unmediated
|2 rdamedia
|
| 338 |
# |
# |
|a volume
|2 rdacarrier
|
| 490 |
0 |
# |
|a Part of BMI's Industry Report & Forecasts Series
|
| 650 |
# |
0 |
|a Food industry and trade --
|z Australia
|
| 650 |
# |
0 |
|a Beverages industry and trade --
|z Morocco
|
| 999 |
|
|
|a B000038249
|b Book
|c Countries
|e Business Information Centre
|